Zvyšovanie konkurencieschopnosti firiem vplyvom informačných technológií bakalárska práca

Na minha lista:
Detalhes bibliográficos
Autor principal: Sokolová, Monika
Autor Corporativo: Obchodná fakulta EU. Katedra informatiky obchodných firiem
Outros Autores: Škvarčeková, Oľga
Formato: Livro
Idioma:eslovaco
Publicado em: Bratislava 2012
Tags: Adicionar Tag
Sem tags, seja o primeiro a adicionar uma tag!

MARC

LEADER 00000nbm a2200000 4500
001 0154269
005 20161109111831.5
041 0 |a slo 
044 |a SK 
245 1 0 |a Zvyšovanie konkurencieschopnosti firiem vplyvom informačných technológií  |b bakalárska práca  |c Monika Sokolová ; školiteľ: Oľga Škvarčeková 
264 1 |a Bratislava  |c 2012 
300 |a 37 s. 
100 1 |a Sokolová, Monika 
700 1 |a Škvarčeková, Oľga 
710 2 |a Obchodná fakulta EU. Katedra informatiky obchodných firiem